Audioblogs and Podcasts in Language Teaching (KEGA 005EU-4/2018)

Salvato in:
Dettagli Bibliografici
Autore principale: Stradiotová, Eva, 1963-
Natura: Capitolo di libro
Lingua:inglese
Soggetti:
Tags: Aggiungi Tag
Nessun Tag, puoi essere il primo ad aggiungerne!!

MARC

LEADER 00000naa a2200000 4500
001 0250487
005 20240502074021.0
041 0 |a eng 
044 |a SK 
245 1 0 |a Audioblogs and Podcasts in Language Teaching (KEGA 005EU-4/2018)  |c Eva Stradiotová 
610 2 0 |a vzdelávanie elektronické 
610 2 0 |a technológie informačné 
610 2 0 |a technológie komunikačné 
610 2 0 |a angličtina 
610 2 0 |a jazyky cudzie 
610 2 0 |a komunikácia elektronická 
610 2 0 |a motivácia 
610 2 0 |a podcast 
100 1 |a Stradiotová, Eva, 1963-